[Event "Hollywood Masters op"]
[Site "Los Angeles"]
[Date "2022.10.26"]
[Round "1"]
[White "Kantor, Gergely"]
[Black "Jiang, Lucas"]
[Result "1-0"]
[WhiteElo "2561"]
[BlackElo "2274"]
[PlyCount "65"]
[EventDate "2022.10.26"]
[EventType "swiss"]
[EventRounds "9"]
[EventCountry "USA"]
[SourceTitle "EXT 2024"]
[Source "ChessBase"]
[SourceDate "2023.10.10"]
[SourceVersion "1"]
[SourceVersionDate "2023.10.10"]
[SourceQuality "1"]

1. d4 Nf6 2. c4 g6 3. Nc3 d5 4. cxd5 Nxd5 5. e4 Nxc3 6. bxc3 Bg7 7. Bc4 c5 8. Ne2 0-0 9. 0-0 Nc6 10. Be3 Qc7 11. Rc1 Rd8 12. Bf4 e5 13. Bg5 Rd7 14. d5 h6 15. Be3 Rd8 16. Qd2 Kh7 17. Bb5 Ne7 18. Rcd1 Qd6 19. f4 f5 20. Ng3 b6 21. fxe5 Qxe5 22. d6 Bb7 23. Bf4 Qf6 24. Qc2 Nc6 25. exf5 gxf5 26. d7 Ne7 27. Bd6 Nd5 28. Nxf5 Qxc3 29. Qe4 Kh8 30. Rxd5 Bxd5 31. Qxd5 a6 32. Bc6 Ra7 33. Nxg7 1-0

[Event "Hollywood Classic 3rd"]
[Site "Los Angeles"]
[Date "2022.08.07"]
[Round "9"]
[White "Jiang, Lucas"]
[Black "Ostrovskiy, Aleksandr A"]
[Result "1-0"]
[WhiteElo "2178"]
[BlackElo "2369"]
[PlyCount "93"]
[EventDate "2022.08.03"]
[EventType "swiss"]
[EventRounds "9"]
[EventCountry "USA"]
[SourceTitle "CBM 209 Extra"]
[Source "ChessBase"]
[SourceDate "2022.09.30"]
[SourceVersion "1"]
[SourceVersionDate "2022.09.30"]
[SourceQuality "1"]

1. e4 c6 2. d4 d5 3. e5 c5 4. dxc5 e6 5. Be3 Nd7 6. Bb5 Ne7 7. Bd4 Nc6 8. Bxc6 bxc6 9. b4 a5 10. a3 Ba6 11. f4 g5 12. Nf3 gxf4 13. Kf2 Qb8 14. c3 Bg7 15. Re1 0-0 16. Kg1 Qc7 17. Qc1 Rae8 18. Qxf4 f6 19. Qg3 fxe5 20. Nxe5 Nxe5 21. Nd2 Rf5 22. Rxe5 Rxe5 23. Nf3 Re1+ 24. Rxe1 Qxg3 25. hxg3 Bh6 26. Ne5 Bb5 27. a4 Bxa4 28. Ra1 Bb5 29. Rxa5 Bg7 30. Ra7 Bxe5 31. Bxe5 h5 32. Rg7+ Kf8 33. Rh7 Kg8 34. Rxh5 Kf7 35. Kf2 Kg6 36. g4 Ra8 37. Bf4 Ra2+ 38. Kg3 Rc2 39. Rh6+ Kg7 40. Rxe6 Rxc3+ 41. Kh4 Rc4 42. Be5+ Kf7 43. Rf6+ Kg8 44. Kg5 Re4 45. Kf5 Re2 46. Ke6 Kh7 47. g5 1-0

[Event "Hollywood Classic 3rd"]
[Site "Los Angeles"]
[Date "2022.08.03"]
[Round "1"]
[White "Jiang, Lucas"]
[Black "Stopa, Jacek"]
[Result "1-0"]
[WhiteElo "2178"]
[BlackElo "2399"]
[PlyCount "95"]
[EventDate "2022.08.03"]
[EventType "swiss"]
[EventRounds "9"]
[EventCountry "USA"]
[SourceTitle "CBM 209 Extra"]
[Source "ChessBase"]
[SourceDate "2022.09.30"]
[SourceVersion "1"]
[SourceVersionDate "2022.09.30"]
[SourceQuality "1"]

1. e4 e6 2. d4 d5 3. Nd2 Be7 4. Ngf3 Nf6 5. e5 Nfd7 6. Bd3 c5 7. c3 Nc6 8. 0-0 cxd4 9. cxd4 Qb6 10. Nb3 a5 11. a4 0-0 12. Bg5 f5 13. Rc1 Bb4 14. Bb5 Rf7 15. Bd2 Bxd2 16. Qxd2 Na7 17. Qxa5 Qxa5 18. Nxa5 Nxb5 19. axb5 Nb6 20. b4 h6 21. h4 Bd7 22. Nxb7 Bxb5 23. Nd6 Bxf1 24. Nxf7 Bxg2 25. Kxg2 Kxf7 26. Rc7+ Kf8 27. h5 Nc8 28. Nh4 Ne7 29. Rb7 Nc6 30. b5 Nxd4 31. Ng6+ Ke8 32. Rxg7 Ra3 33. b6 Rb3 34. b7 Kd8 35. Nf4 Rb6 36. Rh7 Rb5 37. f3 Rb2+ 38. Kf1 Rb3 39. Nd3 f4 40. Nc5 Rb1+ 41. Kg2 Rb2+ 42. Kh3 Nxf3 43. b8Q+ Rxb8 44. Rh8+ Kc7 45. Na6+ Kb7 46. Nxb8 Nxe5 47. Rxh6 Kxb8 48. Rxe6 1-0

[Event "PNWCC-Bulgaria Hybrid 06"]
[Site "Chess.com INT"]
[Date "2022.06.19"]
[Round "?"]
[White "Jiang, Lucas"]
[Black "Slavov, Dimitar"]
[Result "1-0"]
[WhiteElo "2100"]
[BlackElo "2158"]
[PlyCount "69"]
[EventDate "2022.06.18"]
[EventType "team-match"]
[EventRounds "4"]
[EventCountry "USA"]
[SourceTitle "EXT 2024"]
[Source "ChessBase"]
[SourceDate "2023.10.10"]
[SourceVersion "1"]
[SourceVersionDate "2023.10.10"]
[SourceQuality "1"]
[WhiteTeam "PNWCC"]
[BlackTeam "Bulgaria"]
[WhiteTeamCountry "USA"]
[BlackTeamCountry "BUL"]

1. e4 c6 2. d4 d5 3. e5 Bf5 4. h4 h6 5. g4 Bd7 6. f4 Qc8 7. Be2 h5 8. g5 g6 9. Nf3 Bf5 10. Nbd2 e6 11. Nf1 Ne7 12. Ne3 Be4 13. Bd3 c5 14. c3 cxd4 15. cxd4 Nbc6 16. Bxe4 dxe4 17. Nd2 Nf5 18. Nxe4 Bb4+ 19. Kf2 Ncxd4 20. Nxf5 exf5 21. Nf6+ Kf8 22. Qxd4 Bc5 23. Nd7+ Qxd7 24. Qxc5+ Kg7 25. Be3 Rhc8 26. Qd4 Rc2+ 27. Kg3 Qc6 28. Rh2 Kg8 29. Rxc2 Qxc2 30. Qd2 Qe4 31. Rc1 a6 32. Qd4 Qxd4 33. Bxd4 Rd8 34. Be3 Rd3 35. Kf2 1-0

[Event "PNWCC-Bulgaria Hybrid 06"]
[Site "Chess.com INT"]
[Date "2022.06.18"]
[Round "?"]
[White "Jiang, Lucas"]
[Black "Vlashki, Nino"]
[Result "1/2-1/2"]
[WhiteElo "2100"]
[BlackElo "2251"]
[PlyCount "102"]
[EventDate "2022.06.18"]
[EventType "team-match"]
[EventRounds "4"]
[EventCountry "USA"]
[SourceTitle "EXT 2024"]
[Source "ChessBase"]
[SourceDate "2023.10.10"]
[SourceVersion "1"]
[SourceVersionDate "2023.10.10"]
[SourceQuality "1"]
[WhiteTeam "PNWCC"]
[BlackTeam "Bulgaria"]
[WhiteTeamCountry "USA"]
[BlackTeamCountry "BUL"]

1. e4 e6 2. d4 d5 3. Nd2 Be7 4. Ngf3 Nf6 5. Bd3 c5 6. e5 Nfd7 7. c3 b6 8. Nf1 Ba6 9. Bxa6 Nxa6 10. Ng3 0-0 11. Qd3 Qc8 12. Nh5 cxd4 13. Qxd4 Qc4 14. Be3 Rac8 15. Qxc4 Rxc4 16. Bd4 Rc7 17. Nf4 Nab8 18. h4 Nc6 19. 0-0 b5 20. h5 Rfc8 21. g4 h6 22. Rfe1 b4 23. Nd3 bxc3 24. Bxc3 Nb6 25. b3 Nd7 26. Rad1 a5 27. Nd4 Nxd4 28. Bxd4 Ba3 29. Re2 a4 30. Ra1 Rb8 31. Rb1 Rcb7 32. Bb2 axb3 33. Bxa3 bxa2 34. Rf1 Ra8 35. Rxa2 Rb3 36. Rfa1 Rxd3 37. Bd6 Rd1+ 38. Rxd1 Rxa2 39. Rb1 Ra7 40. Kf1 f6 41. f4 Kf7 42. Ke2 fxe5 43. fxe5 Ra4 44. Rb7 Ke8 45. Rc7 Kd8 46. Kf3 Re4 47. g5 hxg5 48. Ra7 Kc8 49. Rc7+ Kd8 50. Ra7 Kc8 51. Rc7+ Kd8 1/2-1/2

[Event "PNWCC-Bulgaria Hybrid 06"]
[Site "Chess.com INT"]
[Date "2022.06.18"]
[Round "?"]
[White "Vlashki, Nino"]
[Black "Jiang, Lucas"]
[Result "1-0"]
[WhiteElo "2251"]
[BlackElo "2100"]
[PlyCount "53"]
[EventDate "2022.06.18"]
[EventType "team-match"]
[EventRounds "4"]
[EventCountry "USA"]
[SourceTitle "EXT 2024"]
[Source "ChessBase"]
[SourceDate "2023.10.10"]
[SourceVersion "1"]
[SourceVersionDate "2023.10.10"]
[SourceQuality "1"]
[WhiteTeam "Bulgaria"]
[BlackTeam "PNWCC"]
[WhiteTeamCountry "BUL"]
[BlackTeamCountry "USA"]

1. e4 e5 2. Nf3 Nc6 3. Bb5 a6 4. Ba4 Nf6 5. 0-0 b5 6. Bb3 Bc5 7. a4 Rb8 8. c3 d6 9. d4 Bb6 10. a5 Ba7 11. Be3 Bg4 12. dxe5 Bxf3 13. Qxf3 Nxe5 14. Qg3 Bxe3 15. Qxe3 0-0 16. Nd2 Re8 17. Rfe1 c5 18. f4 Nc6 19. Qf3 Nxa5 20. Bc2 Ra8 21. Rad1 Qc7 22. e5 dxe5 23. fxe5 Nd7 24. Bxh7+ Kxh7 25. Qxf7 Qa7 26. Re4 c4+ 27. Kh1 1-0

[Event "PNWCC vs Europe Hybrid 05"]
[Site "Chess.com INT"]
[Date "2022.05.07"]
[Round "2"]
[White "Stoyanov, Stoyan Or"]
[Black "Jiang, Lucas"]
[Result "0-1"]
[WhiteElo "2171"]
[BlackElo "2037"]
[PlyCount "74"]
[EventDate "2022.05.07"]
[EventType "team-tourn"]
[EventRounds "4"]
[EventCountry "USA"]
[SourceTitle "EXT 2023"]
[Source "ChessBase"]
[SourceDate "2022.10.05"]
[SourceVersion "1"]
[SourceVersionDate "2022.10.05"]
[SourceQuality "1"]
[WhiteTeam "Europe"]
[BlackTeam "PNWCC"]
[BlackTeamCountry "USA"]

1. e4 e5 2. Nf3 Nc6 3. Bc4 Bc5 4. d4 exd4 5. Ng5 Nh6 6. Nxf7 Nxf7 7. Bxf7+ Kxf7 8. Qh5+ g6 9. Qxc5 d5 10. 0-0 dxe4 11. c3 Bf5 12. cxd4 Qxd4 13. Qxd4 Nxd4 14. Nc3 Rad8 15. Bg5 Rd7 16. Rad1 c5 17. h3 h5 18. Rd2 b5 19. Rfd1 Rb8 20. Be3 Rbd8 21. Bxd4 Rxd4 22. Rxd4 cxd4 23. Nxb5 d3 24. Kf1 Rb8 25. Nd6+ Ke7 26. Nc4 Be6 27. Rc1 Rc8 28. b3 Bxc4 29. bxc4 Kd6 30. Ke1 Kc5 31. Rc3 Kd4 32. Ra3 Rxc4 33. Rxa7 Rc1+ 34. Kd2 Rc2+ 35. Ke1 Kc3 36. Rc7+ Kb2 37. Rd7 Kc1 0-1